Countries That Recognize Taiwan - Statistics

General Stats
  • This quiz has been taken 22 times
  • The average score is 10 of 18
Answer Stats
Answer % Correct
Honduras
72%
Nauru
72%
Nicaragua
72%
Guatemala
67%
Marshall Islands
67%
Solomon Islands
67%
Belize
61%
El Salvador
61%
Palau
61%
Kiribati
56%
Tuvalu
56%
Saint Lucia
50%
Saint Vincent and the Grenadines
50%
Vatican City
50%
Saint Kitts and Nevis
44%
Haiti
39%
Paraguay
39%
Swaziland
39%
No matching quizzes found
Score Distribution
Percent of People with Each Score
Percentile by Number Answered
Your Score History
You have not taken this quiz